| 000 | 00594nam a22002057a 4500 | ||
|---|---|---|---|
| 003 | OSt | ||
| 005 | 20170124125419.0 | ||
| 008 | 170123b xxu||||| |||| 00| 0 eng d | ||
| 020 | _a0702027472 | ||
| 040 | _cDMLN | ||
| 082 | _aWU100 G684v 2004 | ||
| 100 |
_aGorrel, Cecilia _911445 |
||
| 245 | _aVeterinary Dentistry for the General Practitioner | ||
| 260 | _aEdinburgh; Saunders, 2004 | ||
| 300 | _a207p; col.ill: 25cm | ||
| 504 | _aReferences, appendex, glossary, & index included | ||
| 650 |
_aDental practitioner _911446 |
||
| 650 |
_aVeterinary dentistry _911447 |
||
| 942 |
_2z _cO_SHELF |
||
| 999 |
_c5480 _d5480 |
||